000 00814nam a2200229 i 4500
001 44235
003 ES-MaACL
007 t|
008 030320q1908 sp ||||1| spa d
245 0 0 _aCiencia en arqueología /
_ccompiladores, Don Brothwell, Eric Higgs ; prólogo de Grahame Clark ; [traducción de Mayo Antonio Sánchez García].
250 _a1ª ed.
260 _aMadrid :
_bFondo de Cultura Económica,
_c[1980]
300 _a768 p., 19 lám. :
_bil. ;
_c24 cm.
490 1 _aSección de obras de antropología
700 1 _aBrothwell, Don.
_931945
700 1 _aHiggs, Eric.
_963638
700 1 _aClark, Grahame.
_939034
700 1 _aSánchez García, Mayo Antonio.
_9102660
830 0 _aSección de obras de antropología
_9179904
852 _aES-MaACL
_jL-814
_bR.101564
999 _c44235
_d44235